Mother Mary comes to me (Record no. 30591)
[ view plain ]
| 000 -LEADER | |
|---|---|
| fixed length control field | 00983nam a2200181 4500 |
| 008 - FIXED-LENGTH DATA ELEMENTS--GENERAL INFORMATION | |
| fixed length control field | 251016b |||||||| |||| 00| 0 eng d |
| 020 ## - INTERNATIONAL STANDARD BOOK NUMBER | |
| International Standard Book Number | 9780143473060 |
| 082 ## - DEWEY DECIMAL CLASSIFICATION NUMBER | |
| Classification number | 823.914 |
| 100 ## - MAIN ENTRY--PERSONAL NAME | |
| Personal name | Roy, Arundhati |
| 245 ## - TITLE STATEMENT | |
| Title | Mother Mary comes to me |
| 260 ## - PUBLICATION, DISTRIBUTION, ETC. | |
| Place of publication, distribution, etc. | Gurugram; |
| Name of publisher, distributor, etc. | Penguin: |
| Date of publication, distribution, etc. | c2025. |
| 300 ## - PHYSICAL DESCRIPTION | |
| Extent | x, 373p. |
| 500 ## - GENERAL NOTE | |
| General note | a biography. |
| 520 ## - SUMMARY, ETC. | |
| Summary, etc. | Mother Mary Comes to Me is a poignant memoir by Arundhati Roy that traces the fierce, complicated bond between her and her mother, Mary Roy—a trailblazing educator and activist who famously won a landmark Supreme Court case securing equal inheritance rights for Christian women in Kerala. Through vivid recollections and lyrical prose, Roy explores themes of love, rebellion, grief, and legacy. The book blends personal memory with public history, offering an intimate portrait of a woman who shaped her daughter’s life and India’s legal landscape. |
| 650 ## - SUBJECT ADDED ENTRY--TOPICAL TERM | |
| Topical term or geographic name entry element | biography |
| 942 ## - ADDED ENTRY ELEMENTS (KOHA) | |
| Source of classification or shelving scheme | Dewey Decimal Classification |
| Suppress in OPAC | No |
| Koha item type | Book |
| Withdrawn status | Lost status | Source of classification or shelving scheme | Damaged status | Not for loan | Home library | Current library | Date acquired | Total checkouts | Total renewals | Full call number | Barcode | Date due | Date last seen | Date last checked out | Price effective from | Koha item type |
|---|---|---|---|---|---|---|---|---|---|---|---|---|---|---|---|---|
| Dewey Decimal Classification | IMI Delhi | IMI Delhi | 15/10/2025 | 5 | 1 | 823.914 ROY | 22198 | 24/05/2026 | 23/02/2026 | 23/02/2026 | 16/10/2025 | Book |